| 000 | 00667nam a2200229Ia 4500 | ||
|---|---|---|---|
| 008 | 160803s9999 xx 000 0 und d | ||
| 020 | _a0 590268201 | ||
| 100 | _aCalmenson, Stephanie | ||
| 245 | _aEngine, engine, number nine / | ||
| 245 | _cStephanie Calmenson ; illustrated by Paul Meisel. | ||
| 260 | _aNew York : | ||
| 260 | _bScholastic Inc. | ||
| 260 | _c1996 | ||
| 300 | _a29 unnumbered pages : | ||
| 300 | _bcolor illustrations ; | ||
| 300 | _c22 x 23 cm | ||
| 500 | _aOriginally published: New York : Hyperion Books for Children, c1996. | ||
| 650 | _aRailroads -- | ||
| 650 | _aStories in rhyme. | ||
| 650 | _xFiction. | ||
| 700 | _a200 | ||
| 999 |
_c299363 _d299363 |
||